000 00202nam a2200097Ia 4500
008 190216s9999||||xx |||||||||||||| ||und||
100 _aMaxim Gorky
245 4 _aThe Three
260 _bNull
942 _cBK
999 _c12173
_d12173